000 00318nam a22001097a 4500
082 _a080
100 _aट्रेसी , ब्रायन
_983008
245 _aस्मार्ट बनिए
260 _aमुंबई
_bजयको
_c2017
650 _aसामान्य वर्ग
942 _cHIN
999 _c67756
_d67756